<?xml version="1.0" encoding="UTF-8"?>
<record
    xmlns:xsi="http://www.w3.org/2001/XMLSchema-instance"
    xsi:schemaLocation="http://www.loc.gov/MARC21/slim http://www.loc.gov/standards/marcxml/schema/MARC21slim.xsd"
    xmlns="http://www.loc.gov/MARC21/slim">

  <leader>00699nam a2200205 a 4500</leader>
  <controlfield tag="001">82538</controlfield>
  <controlfield tag="003">BD-RjUL</controlfield>
  <controlfield tag="005">20231226105027.0</controlfield>
  <controlfield tag="008">231226s1877    ii ||||| |||| 00| 0 per d</controlfield>
  <datafield tag="035" ind1=" " ind2=" ">
    <subfield code="a">(BD-RjUL)82538</subfield>
  </datafield>
  <datafield tag="040" ind1=" " ind2=" ">
    <subfield code="a">BD-RjUL</subfield>
    <subfield code="b">eng</subfield>
    <subfield code="c">BD-RjUL</subfield>
  </datafield>
  <datafield tag="041" ind1=" " ind2=" ">
    <subfield code="a">per</subfield>
  </datafield>
  <datafield tag="082" ind1=" " ind2=" ">
    <subfield code="2">23</subfield>
    <subfield code="a">297</subfield>
    <subfield code="b">KHT 1877</subfield>
  </datafield>
  <datafield tag="100" ind1="1" ind2="0">
    <subfield code="a"> &#x62E;&#x627;&#x646; &#x628;&#x647;&#x627;&#x62F;&#x631;, &#x639;&#x628;&#x62F; &#x627;&#x644;&#x643;&#x631;&#x64A;&#x645;  ;;   Khan Bahadur, Abdul Karim</subfield>
    <subfield code="9">10691</subfield>
  </datafield>
  <datafield tag="245" ind1="1" ind2="0">
    <subfield code="a">&#x62A;&#x646;&#x648;&#x64A;&#x631; &#x627;&#x644;&#x642;&#x644;&#x648;&#x628; ;; Tanvir alqulub /</subfield>
    <subfield code="c">Abdul Karim Khan Bahadur  ;;;  &#x639;&#x628;&#x62F; &#x627;&#x644;&#x643;&#x631;&#x64A;&#x645; &#x62E;&#x627;&#x646; &#x628;&#x647;&#x627;&#x62F;&#x631;</subfield>
  </datafield>
  <datafield tag="260" ind1=" " ind2=" ">
    <subfield code="a">Kolkata:</subfield>
    <subfield code="b">&#x635;&#x62F;&#x631; &#x645;&#x637;&#x628;&#x639; &#x645;&#x638;&#x647;&#x631; &#x627;&#x644;&#x639;&#x62C;&#x627;&#x626;&#x628; &#x627;&#x644;&#x645;&#x639;&#x631;&#x641; &#x628;&#x647;&#x627;&#x631;&#x62F;&#x648;</subfield>
    <subfield code="c">1877</subfield>
  </datafield>
  <datafield tag="300" ind1=" " ind2=" ">
    <subfield code="a">303 p. ;</subfield>
    <subfield code="c">23 cm</subfield>
  </datafield>
  <datafield tag="650" ind1=" " ind2=" ">
    <subfield code="a">Islam</subfield>
  </datafield>
  <datafield tag="942" ind1=" " ind2=" ">
    <subfield code="2">ddc</subfield>
    <subfield code="c">BK</subfield>
  </datafield>
  <datafield tag="999" ind1=" " ind2=" ">
    <subfield code="c">82538</subfield>
    <subfield code="d">82538</subfield>
  </datafield>
  <datafield tag="952" ind1=" " ind2=" ">
    <subfield code="0">0</subfield>
    <subfield code="1">0</subfield>
    <subfield code="2">ddc</subfield>
    <subfield code="4">0</subfield>
    <subfield code="7">1</subfield>
    <subfield code="8">NFIC</subfield>
    <subfield code="a">RUCL</subfield>
    <subfield code="b">RUCL</subfield>
    <subfield code="c">Reading</subfield>
    <subfield code="d">1974-10-08</subfield>
    <subfield code="e">Moulovi Abdul Qadir &amp; golam Kadir</subfield>
    <subfield code="l">0</subfield>
    <subfield code="o">F 297 KHT 1877</subfield>
    <subfield code="r">2023-12-26 00:00:00</subfield>
    <subfield code="t">C-1</subfield>
    <subfield code="w">2023-12-26</subfield>
    <subfield code="y">BK</subfield>
  </datafield>
</record>
